书目信息 |
| 题名: |
资产阶级庸俗政治经济
|
|
| 作者: | 季陶达 主编 | |
| 分册: | ||
| 出版信息: | 北京 商务印书馆 1963.09 |
|
| 页数: | 553页 | |
| 开本: | 20cm | |
| 丛书名: | ||
| 单 册: | ||
| 中图分类: | F08 | |
| 科图分类: | ||
| 主题词: | 经济学 | |
| 电子资源: | ||
| ISBN: | ||
| 000 | 00590nam0 2200217 45 | |
| 001 | 0302181145 | |
| 005 | 20031219104103.8 | |
| 010 | @dCNY2.00 | |
| 091 | @a4017.72 | |
| 100 | @a20030218d1963 km y0chiy0120 ea | |
| 101 | 0 | @achi |
| 105 | @a z 000yy | |
| 200 | 1 | @a资产阶级庸俗政治经济@AZi Chan Jie Ji Yong Su Zheng Zhi Jing Ji@f季陶达主编@FJi Tao Da Zhu Bian |
| 210 | @a北京@c商务印书馆@d1963.09 | |
| 215 | @a553页@d20cm | |
| 300 | @a附录:人名译名对照表 | |
| 606 | 0 | @a经济学 |
| 690 | @aF08@v3 | |
| 701 | 0 | @a季陶达@4主编 |
| 801 | @aCN@bTSTC@c20030218 | |
| 905 | @f1@b1203@dF08@e1-1 | |
| 资产阶级庸俗政治经济/季陶达主编.-北京:商务印书馆,1963.09 |
| 553页;20cm |
| 附录:人名译名对照表 |
| ISBN :CNY2.00 |
| ● |
| 相关链接 |
|
|
|
|
正题名:资产阶级庸俗政治经济
索取号:F08/1-1
 
预约/预借
| 序号 | 登录号 | 条形码 | 馆藏地/架位号 | 状态 | 备注 |
| 1 | 0001203 | 001735162 | 密集书库/ [索取号:F08/1-1] | 在馆 |